000 00837cam a22002897a 4500
003 CHAP
005 20220329141412.0
008 971013s r 00010 d
010 _a67600
011 _a68572
035 _a78045
040 _cCHAP
090 _aR-3005
100 0 0 _aReza S., Serafín.
_997103
245 0 _aElaboración de bolillos a menor costo
500 _aSobretiro de : Pan No. 290, 1977
590 _aBATCH-UPD
_b10
_c20130110
_lUCH01
_h0123
590 _aBATCH-UPD
_b10
_c20130110
_lUCH01
_h1724
590 _aBATCH-UPD
_b10
_c20130409
_lUCH01
_h2118
590 _aBATCH-UPD
_b10
_c20130914
_lUCH01
_h1602
590 _aCONVERSION
_b10
_c20130109
_lUCH01
_h1337
650 1 4 _aHarina de soya.
_952729
650 1 4 _aPan.
_985041
901 _aBK
942 _cREIMP
949 _aR-3005
_bBC
_cR
_d-30919
_eTS1
_i78045
_si
999 _c67600
_d67600